<?xml version="1.0" encoding="UTF-8"?><?xml-stylesheet type="text/xsl" href="static/style.xsl"?><OAI-PMH xmlns="http://www.openarchives.org/OAI/2.0/" xmlns:xsi="http://www.w3.org/2001/XMLSchema-instance" xsi:schemaLocation="http://www.openarchives.org/OAI/2.0/ http://www.openarchives.org/OAI/2.0/OAI-PMH.xsd"><responseDate>2026-04-17T23:16:30Z</responseDate><request verb="GetRecord" identifier="oai:riubu.ubu.es:10259/9835" metadataPrefix="marc">https://riubu.ubu.es/oai/request</request><GetRecord><record><header><identifier>oai:riubu.ubu.es:10259/9835</identifier><datestamp>2025-01-09T01:05:26Z</datestamp><setSpec>com_10259_4839</setSpec><setSpec>com_10259_5086</setSpec><setSpec>com_10259_2604</setSpec><setSpec>col_10259_4840</setSpec></header><metadata><record xmlns="http://www.loc.gov/MARC21/slim" xmlns:doc="http://www.lyncode.com/xoai" xmlns:xsi="http://www.w3.org/2001/XMLSchema-instance" xmlns:dcterms="http://purl.org/dc/terms/" xsi:schemaLocation="http://www.loc.gov/MARC21/slim http://www.loc.gov/standards/marcxml/schema/MARC21slim.xsd">
<leader>00925njm 22002777a 4500</leader>
<datafield tag="042" ind1=" " ind2=" ">
<subfield code="a">dc</subfield>
</datafield>
<datafield tag="720" ind1=" " ind2=" ">
<subfield code="a">Pineda Martínez, María</subfield>
<subfield code="e">author</subfield>
</datafield>
<datafield tag="720" ind1=" " ind2=" ">
<subfield code="a">Abella García, Víctor</subfield>
<subfield code="e">author</subfield>
</datafield>
<datafield tag="720" ind1=" " ind2=" ">
<subfield code="a">Casado Muñoz, Raquel</subfield>
<subfield code="e">author</subfield>
</datafield>
<datafield tag="260" ind1=" " ind2=" ">
<subfield code="c">2023-07</subfield>
</datafield>
<datafield tag="520" ind1=" " ind2=" ">
<subfield code="a">Se presenta un estudio cuantitativo sobre la percepción del aprendizaje electrónico en un curso online de habilidades digitales para el alumnado universitario. El objetivo fue conocer las diferencias y las relaciones en la percepción del e-learning teniendo en cuenta dos variables: las experiencias previas en cursos en línea y la modalidad de estudios universitarios. La investigación se realizó mediante una encuesta online a 543 estudiantes. En los resultados sobre las experiencias previas en e-learning destacó la estabilidad en las diferencias y en las correlaciones en seis constructos: contenidos, estructura, calidad, satisfacción, aprendizaje y pertenencia al grupo. En cuanto a la modalidad de estudios universitarios también hubo diferencias y una consistencia alta en las correlaciones en ocho dimensiones: contenidos, estructura, interacción participante – instructor/a, interacción participante – participante, calidad, satisfacción, aprendizaje y pertenencia al grupo. Estos hallazgos proporcionan algunas implicaciones en el campo científico y didáctico del e-learning.</subfield>
</datafield>
<datafield tag="520" ind1=" " ind2=" ">
<subfield code="a">A quantitative study is presented on the perception of e-learning in an online digital skills course for university students. The objective was to know the differences and relationships in the perception of e-learning considering two variables: previous experiences in online courses and the modality of university studies. The research was conducted using an online survey of 543students. The results of previous experiences in e-learning highlighted the stability in the differences and correlations in six constructs: content, structure, quality, satisfaction, learning and group membership. Regarding the modality of university studies, there were also differences and high consistency in the correlations in eight dimensions: content, structure, participant-instructor interaction, participant-participant interaction, quality, satisfaction, learning and group membership. These findings provide some implications in the scientific and didactic field of e-learning.</subfield>
</datafield>
<datafield tag="024" ind2=" " ind1="8">
<subfield code="a">http://hdl.handle.net/10259/9835</subfield>
</datafield>
<datafield tag="024" ind2=" " ind1="8">
<subfield code="a">10.54988/cv.2023.2.1175</subfield>
</datafield>
<datafield tag="024" ind2=" " ind1="8">
<subfield code="a">2255-1514</subfield>
</datafield>
<datafield ind1=" " ind2=" " tag="653">
<subfield code="a">ELearning</subfield>
</datafield>
<datafield ind1=" " ind2=" " tag="653">
<subfield code="a">Higher education</subfield>
</datafield>
<datafield ind1=" " ind2=" " tag="653">
<subfield code="a">University studies</subfield>
</datafield>
<datafield ind1=" " ind2=" " tag="653">
<subfield code="a">Perception</subfield>
</datafield>
<datafield ind1=" " ind2=" " tag="653">
<subfield code="a">Online learning</subfield>
</datafield>
<datafield ind1=" " ind2=" " tag="653">
<subfield code="a">Enseñanza superior</subfield>
</datafield>
<datafield ind1=" " ind2=" " tag="653">
<subfield code="a">Estudios universitarios</subfield>
</datafield>
<datafield ind1=" " ind2=" " tag="653">
<subfield code="a">Percepción</subfield>
</datafield>
<datafield ind1=" " ind2=" " tag="653">
<subfield code="a">Aprendizaje en línea</subfield>
</datafield>
<datafield tag="245" ind1="0" ind2="0">
<subfield code="a">Influencia de la experiencia previa y la modalidad de estudios en la percepción del e-learning</subfield>
</datafield>
</record></metadata></record></GetRecord></OAI-PMH>